Cities over 1 million population - sudden death - Statistics

General Stats
  • This quiz has been taken 650 times
  • The average score is 2 of 17
Answers on the Grid
Answers color-coded by a green-red scale on the quiz's grid according to % correct below.
Prague
Ulaanbataar
Cancun
San Jose (USA)
Liverpool
Tbilisi
Nay Pyi Taw
Pyongyang
Lyon
Volgograd
Gold Coast
Wuzhou
Antananarivo
Jerusalem
Odesa
Niigata
Sheffield
Cebu City
Oslo
Valencia (Spain)
Chiang mai
Bologna
Marrakech
Palembang
Patna
Kaifeng
Manaus
San Francisco
Thessaloniki
San Pedro Sula
 
Answer Stats
Answer % Correct
Pyongyang
39%
Prague
31%
Manaus
19%
Antananarivo
17%
Marrakech
17%
Cebu City
16%
Ulaanbataar
16%
Oslo
15%
Lyon
13%
Patna
11%
Odesa
10%
Tbilisi
10%
Kaifeng
7%
Palembang
7%
Cancun
5%
Chiang mai
4%
San Pedro Sula
3%
No matching quizzes found
Score Distribution
Percent of People with Each Score
Percentile by Number Answered
Your Score History
You have not taken this quiz